[Event "Muensterland Verbandsklasse 1718"]
[Site "Germany"]
[Date "2017.09.16"]
[Round "1.7"]
[White "Janssen, Guido"]
[Black "Robers, Frank"]
[Result "0-1"]
[WhiteElo "1639"]
[BlackElo "1648"]
[PlyCount "84"]
[EventDate "2017.09.16"]
[EventType "team-tourn"]
[EventRounds "9"]
[EventCountry "GER"]
[SourceTitle "EXT 2019"]
[Source "ChessBase"]
[SourceDate "2018.10.10"]
[SourceVersion "1"]
[SourceVersionDate "2018.10.10"]
[SourceQuality "1"]
[WhiteTeam "Suedlohn II"]
[BlackTeam "Gescher"]
[WhiteTeamCountry "GER"]
[BlackTeamCountry "GER"]

1. e4 c5 2. c3 d5 3. exd5 Qxd5 4. d4 Nf6 5. Na3 cxd4 6. Nb5 Qd8 7. Bf4 Na6 8. Nxd4 Nc7 9. Qf3 Ncd5 10. Bb5+ Bd7 11. Rd1 e6 12. Nge2 Be7 13. Bg3 0-0 14. 0-0 Bxb5 15. Nxb5 Qb6 16. c4 a6 17. Nbd4 Nc7 18. Rd3 e5 19. Bxe5 Ne6 20. Rb3 Qc5 21. Qg3 Nh5 22. Qe3 Bg5 23. Nxe6 Bxe3 24. Nxc5 Bxc5 25. Rxb7 Rfd8 26. Nc3 f6 27. Bc7 Rd7 28. Rd1 Rf7 29. Ne4 Bf8 30. Nd6 Bxd6 31. Rxd6 Rc8 32. b4 Rfxc7 33. Rxc7 Rxc7 34. c5 a5 35. a3 axb4 36. axb4 Kf7 37. Kf1 Ke7 38. Ke2 Nf4+ 39. Kf3 Ne6 40. Ke4 Nd8 41. h4 Rb7 42. Rd4 Nc6 0-1

[Event "Muensterland Verbandsklasse 1314"]
[Site "Germany"]
[Date "2014.02.08"]
[Round "6.5"]
[White "Blanke, Martin"]
[Black "Janssen, Guido"]
[Result "1/2-1/2"]
[WhiteElo "1654"]
[BlackElo "1742"]
[PlyCount "89"]
[EventDate "2013.09.21"]
[EventType "team-tourn"]
[EventRounds "9"]
[EventCountry "GER"]
[SourceTitle "EXT 2015"]
[Source "ChessBase"]
[SourceDate "2014.11.20"]
[SourceVersion "1"]
[SourceVersionDate "2014.11.20"]
[SourceQuality "1"]
[WhiteTeam "Metelen"]
[BlackTeam "Suedlohn II"]
[WhiteTeamCountry "GER"]
[BlackTeamCountry "GER"]

1. e4 d6 2. Nf3 Nf6 3. Nc3 g6 4. Bc4 Bg7 5. 0-0 c5 6. e5 dxe5 7. Nxe5 0-0 8. d3 Nfd7 9. Ng4 Nb6 10. Nh6+ Bxh6 11. Bxh6 Re8 12. Bb3 Nc6 13. Ne4 Nd7 14. f4 Nd4 15. f5 Nxb3 16. axb3 Nf6 17. fxg6 hxg6 18. Nxf6+ exf6 19. Qf3 Qd4+ 20. Qf2 Bf5 21. Qxd4 cxd4 22. Bf4 a6 23. Bg3 Rac8 24. Rf2 Rc6 25. Rd1 Rec8 26. Rdd2 Kg7 27. h3 b5 28. Rfe2 Kf8 29. Bf2 Rd8 30. g4 Be6 31. Re4 Rcd6 32. Rf4 f5 33. Re2 R8d7 34. Kh2 g5 35. Rf3 fxg4 36. Rg3 gxh3 37. Rxg5 Rc6 38. Rge5 Rdc7 39. Bxd4 Rxc2 40. Bc3 Rxe2+ 41. Rxe2 Rd7 42. d4 Rd5 43. b4 Kg7 44. Re5 Rxe5 45. dxe5 1/2-1/2

[Event "Muensterland Verbandsklasse 1314"]
[Site "Germany"]
[Date "2013.09.21"]
[Round "1.7"]
[White "Stoecker, Ralph"]
[Black "Janssen, Guido"]
[Result "1-0"]
[WhiteElo "2009"]
[BlackElo "1742"]
[PlyCount "58"]
[EventDate "2013.09.21"]
[EventType "team-tourn"]
[EventRounds "9"]
[EventCountry "GER"]
[SourceTitle "EXT 2015"]
[Source "ChessBase"]
[SourceDate "2014.11.20"]
[SourceVersion "1"]
[SourceVersionDate "2014.11.20"]
[SourceQuality "1"]
[WhiteTeam "Ibbenbueren"]
[BlackTeam "Suedlohn II"]
[WhiteTeamCountry "GER"]
[BlackTeamCountry "GER"]

1. f4 d5 2. Nf3 c5 3. e3 Nf6 4. d4 cxd4 5. exd4 Nc6 6. c3 g6 7. Bd3 Bg7 8. 0-0 0-0 9. Nbd2 a6 10. Ne5 Qc7 11. Qe2 b5 12. a3 Na5 13. g4 Nd7 14. Qg2 Nb6 15. Qg3 Nbc4 16. Nexc4 Nxc4 17. Nf3 Rb8 18. Qh4 e6 19. Ne5 Nxe5 20. fxe5 Bb7 21. Bg5 a5 22. Rf3 b4 23. axb4 axb4 24. Be2 bxc3 25. bxc3 Ra8 26. Raf1 Ba6 27. Bxa6 Rxa6 28. Rh3 h6 29. Bxh6 f6 1-0

[Event "Muensterland Verbandsklasse-B 1213"]
[Site "Germany"]
[Date "2013.04.20"]
[Round "8.8"]
[White "Janssen, Guido"]
[Black "Splinter, Daniel"]
[Result "1-0"]
[WhiteElo "1733"]
[BlackElo "1127"]
[PlyCount "51"]
[EventDate "2012.09.15"]
[EventType "team-tourn"]
[EventRounds "9"]
[EventCountry "GER"]
[SourceTitle "EXT 2015"]
[Source "ChessBase"]
[SourceDate "2014.11.20"]
[SourceVersion "1"]
[SourceVersionDate "2014.11.20"]
[SourceQuality "1"]
[WhiteTeam "Suedlohn II"]
[BlackTeam "Rheine Klein Berlin II"]
[WhiteTeamCountry "GER"]
[BlackTeamCountry "GER"]

1. e4 c5 2. c3 d5 3. exd5 Qxd5 4. d4 e6 5. Nf3 Nf6 6. Na3 a6 7. Bc4 Qd8 8. 0-0 cxd4 9. Nxd4 Bxa3 10. bxa3 0-0 11. Bg5 h6 12. Bh4 Qc7 13. Bxf6 Qxc4 14. Qg4 g6 15. Qf3 Nc6 16. Rfe1 Re8 17. Re3 Ne7 18. Be5 Nd5 19. Qh3 Kh7 20. Rf3 Re7 21. Qh4 g5 22. Qh5 Nf4 23. Bxf4 e5 24. Bxg5 exd4 25. Qxh6+ Kg8 26. Bf6 1-0

[Event "Muensterland Verbandsklasse-B 1213"]
[Site "Germany"]
[Date "2013.01.26"]
[Round "5.7"]
[White "Janssen, Guido"]
[Black "Colmer, Willi"]
[Result "0-1"]
[WhiteElo "1733"]
[BlackElo "1810"]
[PlyCount "46"]
[EventDate "2012.09.15"]
[EventType "team-tourn"]
[EventRounds "9"]
[EventCountry "GER"]
[SourceTitle "EXT 2015"]
[Source "ChessBase"]
[SourceDate "2014.11.20"]
[SourceVersion "1"]
[SourceVersionDate "2014.11.20"]
[SourceQuality "1"]
[WhiteTeam "Suedlohn II"]
[BlackTeam "Emsdetten Rochade"]
[WhiteTeamCountry "GER"]
[BlackTeamCountry "GER"]

1. e4 c5 2. c3 g6 3. Bc4 Bg7 4. f4 Nc6 5. Nf3 e6 6. Bb3 d5 7. d3 Nge7 8. 0-0 0-0 9. e5 Qb6 10. Be3 Nf5 11. Bf2 Na5 12. Nbd2 Qc7 13. c4 Nxb3 14. Qxb3 Rd8 15. Rfc1 b6 16. Qa3 Bf8 17. Qa4 Bd7 18. Qc2 Qb7 19. Qb3 Bc6 20. a3 Rd7 21. Qc2 Rad8 22. Rd1 Bh6 23. Bg3 Ne3 0-1

[Event "Muensterland Verbandsklasse-A 1112"]
[Site "Germany"]
[Date "2012.04.21"]
[Round "8.7"]
[White "Binger, Friedhelm"]
[Black "Janssen, Guido"]
[Result "1/2-1/2"]
[WhiteElo "1741"]
[BlackElo "1720"]
[PlyCount "33"]
[EventDate "2011.09.17"]
[EventType "team-tourn"]
[EventRounds "9"]
[EventCountry "GER"]
[SourceTitle "EXT 2013"]
[Source "ChessBase"]
[SourceDate "2012.11.22"]
[SourceVersion "1"]
[SourceVersionDate "2012.11.22"]
[SourceQuality "1"]
[WhiteTeam "Gronau"]
[BlackTeam "Suedlohn II"]
[WhiteTeamCountry "GER"]
[BlackTeamCountry "GER"]

1. e4 d6 2. d4 Nf6 3. Nc3 g6 4. f4 Bg7 5. Nf3 c5 6. dxc5 Qa5 7. Bd2 Qxc5 8. Bd3 Qb6 9. Na4 Qc7 10. Qe2 Nc6 11. 0-0 Bg4 12. h3 Nd4 13. Bb5+ Nd7 14. Qd3 Nxb5 15. hxg4 a6 16. c4 Na7 17. Be3 1/2-1/2

[Event "Muensterland Verbandsklasse-A 1011"]
[Site "Germany"]
[Date "2011.01.29"]
[Round "6.7"]
[White "Janssen, Guido"]
[Black "Homann, Ludger"]
[Result "0-1"]
[WhiteElo "1774"]
[BlackElo "1543"]
[PlyCount "62"]
[EventDate "2010.09.18"]
[EventType "team-tourn"]
[EventRounds "9"]
[EventCountry "GER"]
[SourceTitle "EXT 2012"]
[Source "ChessBase"]
[SourceDate "2011.11.24"]
[SourceVersion "1"]
[SourceVersionDate "2011.11.24"]
[SourceQuality "1"]
[WhiteTeam "Suedlohn II"]
[BlackTeam "Nienberge II"]
[WhiteTeamCountry "GER"]
[BlackTeamCountry "GER"]

1. e4 d6 2. d4 Nf6 3. Nc3 g6 4. f4 Bg7 5. Nf3 Bg4 6. Be3 0-0 7. h3 Bxf3 8. Qxf3 Nc6 9. 0-0-0 a6 10. h4 h5 11. Be2 Ng4 12. Bg1 Qc8 13. d5 Nd8 14. Rh3 c5 15. Rg3 b5 16. a3 Rb8 17. Na2 a5 18. Qd3 c4 19. Bxg4 hxg4 20. Qe2 b4 21. Bd4 e5 22. dxe6 Bxd4 23. Rxd4 Nxe6 24. Rxd6 b3 25. cxb3 cxb3+ 26. Nc3 Qc5 27. Rd5 Qc7 28. Qxg4 Rbc8 29. Rf3 Qc4 30. Kb1 Nd4 31. Rd3 Qxd3+ 0-1

[Event "Muensterland Verbandsklasse-B 0910"]
[Site "Germany"]
[Date "2009.11.21"]
[Round "3.7"]
[White "Koesters, Michael"]
[Black "Janssen, Guido"]
[Result "1/2-1/2"]
[WhiteElo "1542"]
[BlackElo "1775"]
[PlyCount "113"]
[EventDate "2009.09.19"]
[EventType "team-tourn"]
[EventRounds "9"]
[EventCountry "GER"]
[SourceTitle "EXT 2011"]
[Source "ChessBase"]
[SourceDate "2010.11.26"]
[SourceVersion "1"]
[SourceVersionDate "2010.11.26"]
[SourceQuality "1"]
[WhiteTeam "Rheine Klein Berlin II"]
[BlackTeam "Suedlohn II"]
[WhiteTeamCountry "GER"]
[BlackTeamCountry "GER"]

1. Nf3 c5 2. e3 g6 3. d4 cxd4 4. exd4 Bg7 5. Bc4 Nf6 6. Ne5 d5 7. Bb5+ Nbd7 8. 0-0 0-0 9. Bf4 Qb6 10. Nc3 e6 11. Rb1 Rd8 12. Ba4 Nxe5 13. Bxe5 Bd7 14. f3 Rac8 15. Bb3 Ne8 16. Bxg7 Kxg7 17. Kh1 Nd6 18. g4 Nc4 19. Qd3 Qb4 20. Rfd1 Nxb2 21. Rxb2 Qxc3 22. Qxc3 Rxc3 23. Kg2 b6 24. a4 Rdc8 25. Rd2 Kf6 26. Kf2 Kg5 27. Kg3 h6 28. h3 Kf6 29. Kf2 a5 30. h4 Ke7 31. Ke2 b5 32. axb5 Bxb5+ 33. Kf2 Bd7 34. Ra2 Ra8 35. Rd3 Rxd3 36. cxd3 Kd6 37. Ke3 Kc7 38. Ba4 Bxa4 39. Rxa4 Kb6 40. Kf4 Kb5 41. Ra1 a4 42. Rb1+ Kc6 43. Ke5 a3 44. Rc1+ Kd7 45. Kf6 a2 46. Ra1 Ke8 47. Kg7 Ke7 48. Kxh6 Kf6 49. Kh7 e5 50. dxe5+ Kxe5 51. Kg7 Ra7 52. h5 gxh5 53. gxh5 f5+ 54. Kg6 Kf4 55. h6 Kxf3 56. Kxf5 Ke3 57. Kg6 1/2-1/2

[Event "Muensterland Verbandsklasse-A 0809"]
[Site "Germany"]
[Date "2009.03.28"]
[Round "8.8"]
[White "Uhde, Herbert"]
[Black "Janssen, Guido"]
[Result "1/2-1/2"]
[WhiteElo "1591"]
[BlackElo "1719"]
[PlyCount "32"]
[EventDate "2008.09.13"]
[EventType "team-tourn"]
[EventRounds "9"]
[EventCountry "GER"]
[SourceTitle "EXT 2010"]
[Source "ChessBase"]
[SourceDate "2010.11.25"]
[SourceVersion "1"]
[SourceVersionDate "2010.11.25"]
[SourceQuality "1"]
[WhiteTeam "Emsdetten Rochade"]
[BlackTeam "Suedlohn II"]
[WhiteTeamCountry "GER"]
[BlackTeamCountry "GER"]

1. e4 c5 2. Nf3 Nc6 3. d4 cxd4 4. Nxd4 Nf6 5. Nc3 e5 6. Nb3 Be7 7. Be2 0-0 8. 0-0 d6 9. f4 exf4 10. Bxf4 Ne5 11. Bg5 Re8 12. Bxf6 Bxf6 13. Nd5 Be7 14. Nd4 Bd7 15. Nxe7+ Qxe7 16. Nf5 Bxf5 1/2-1/2

[Event "Muensterland Verbandsklasse-A 0809"]
[Site "Germany"]
[Date "2009.03.07"]
[Round "7.7"]
[White "Blanke, Martin"]
[Black "Janssen, Guido"]
[Result "0-1"]
[WhiteElo "1741"]
[BlackElo "1719"]
[PlyCount "64"]
[EventDate "2008.09.13"]
[EventType "team-tourn"]
[EventRounds "9"]
[EventCountry "GER"]
[SourceTitle "EXT 2010"]
[Source "ChessBase"]
[SourceDate "2010.11.25"]
[SourceVersion "1"]
[SourceVersionDate "2010.11.25"]
[SourceQuality "1"]
[WhiteTeam "Metelen"]
[BlackTeam "Suedlohn II"]
[WhiteTeamCountry "GER"]
[BlackTeamCountry "GER"]

1. d4 Nf6 2. c4 g6 3. Nc3 d5 4. e3 Bg7 5. Nf3 0-0 6. Bd3 b6 7. cxd5 Nxd5 8. Nxd5 Qxd5 9. Qc2 c6 10. 0-0 Bb7 11. e4 Qd7 12. Be3 Na6 13. a3 Rac8 14. Rad1 Rfd8 15. b4 Qc7 16. Qe2 Nb8 17. Bc4 c5 18. dxc5 bxc5 19. Bxc5 Nd7 20. Ng5 e6 21. Qf3 Nxc5 22. Rxd8+ Rxd8 23. bxc5 Qe7 24. Qxf7+ Qxf7 25. Bxe6 Qxe6 26. Nxe6 Rd3 27. f3 Bf6 28. Rc1 Bc6 29. a4 Kf7 30. Nc7 Ra3 31. Rd1 Bxa4 32. Nd5 Bxd1 0-1

[Event "Muensterland Verbandsklasse-A 0809"]
[Site "Germany"]
[Date "2009.02.07"]
[Round "6.8"]
[White "Bleier, Thomas"]
[Black "Janssen, Guido"]
[Result "1/2-1/2"]
[WhiteElo "1577"]
[BlackElo "1719"]
[PlyCount "35"]
[EventDate "2008.09.13"]
[EventType "team-tourn"]
[EventRounds "9"]
[EventCountry "GER"]
[SourceTitle "EXT 2010"]
[Source "ChessBase"]
[SourceDate "2010.11.25"]
[SourceVersion "1"]
[SourceVersionDate "2010.11.25"]
[SourceQuality "1"]
[WhiteTeam "Beelen"]
[BlackTeam "Suedlohn II"]
[WhiteTeamCountry "GER"]
[BlackTeamCountry "GER"]

1. e4 c5 2. f4 Nc6 3. Nf3 g6 4. d4 cxd4 5. Nxd4 Bg7 6. Be3 d6 7. Be2 Qa5+ 8. c3 Nf6 9. Nd2 0-0 10. 0-0 Bd7 11. Bf3 a6 12. Nc4 Qc7 13. Qe2 b5 14. Nxc6 Bxc6 15. Nb6 Rab8 16. Nd5 Qb7 17. Nxf6+ Bxf6 18. Bd4 1/2-1/2

[Event "Muensterland Verbandsklasse-A 0809"]
[Site "Germany"]
[Date "2008.12.06"]
[Round "4.8"]
[White "Drees, Horst"]
[Black "Janssen, Guido"]
[Result "0-1"]
[WhiteElo "1558"]
[BlackElo "1719"]
[PlyCount "56"]
[EventDate "2008.09.13"]
[EventType "team-tourn"]
[EventRounds "9"]
[EventCountry "GER"]
[SourceTitle "EXT 2010"]
[Source "ChessBase"]
[SourceDate "2010.11.25"]
[SourceVersion "1"]
[SourceVersionDate "2010.11.25"]
[SourceQuality "1"]
[WhiteTeam "Gronau II"]
[BlackTeam "Suedlohn II"]
[WhiteTeamCountry "GER"]
[BlackTeamCountry "GER"]

1. e4 d6 2. Nf3 Nf6 3. Nc3 g6 4. d4 Bg7 5. Bd3 Nc6 6. a3 Bg4 7. Be3 e5 8. Be2 0-0 9. d5 Ne7 10. Qd2 Ne8 11. h3 Bd7 12. 0-0-0 c6 13. Bh6 Qa5 14. h4 cxd5 15. Bxg7 Nxg7 16. Qh6 f6 17. Nxd5 Nxd5 18. Rxd5 Qa4 19. Rxd6 Rac8 20. Bd3 Rc7 21. Rd1 Rfc8 22. Ne1 Be6 23. Kb1 Bf7 24. Qd2 Ne8 25. Rd5 Bxd5 26. exd5 Kg7 27. Qe2 Nd6 28. h5 e4 0-1

[Event "Muensterland Verbandsklasse-B 0607"]
[Site "Germany"]
[Date "2007.01.20"]
[Round "5.4"]
[White "Rebber, Christian"]
[Black "Janssen, Guido"]
[Result "1-0"]
[WhiteElo "1854"]
[BlackElo "1763"]
[PlyCount "93"]
[EventDate "2006.09.23"]
[EventType "team"]
[EventRounds "9"]
[EventCountry "GER"]
[SourceTitle "EXT 2008"]
[Source "ChessBase"]
[SourceDate "2007.11.25"]
[SourceVersion "1"]
[SourceVersionDate "2007.11.25"]
[SourceQuality "1"]
[WhiteTeam "Ahaus Wessum"]
[BlackTeam "Suedlohn II"]
[WhiteTeamCountry "GER"]
[BlackTeamCountry "GER"]

1. e4 d6 2. d4 Nf6 3. Nc3 g6 4. Nf3 Bg7 5. Bc4 0-0 6. 0-0 Bg4 7. h3 Bxf3 8. Qxf3 Nc6 9. Be3 e5 10. dxe5 Nxe5 11. Qe2 Nxc4 12. Qxc4 Re8 13. Rad1 Qd7 14. Rfe1 Qc6 15. Qxc6 bxc6 16. Bd4 a6 17. Kf1 Nd7 18. b3 Re7 19. Bxg7 Kxg7 20. f3 a5 21. Ne2 a4 22. Nc3 Nb6 23. Kf2 Ree8 24. Rd4 Re5 25. Nxa4 Nxa4 26. bxa4 Rc5 27. Re2 Rc3 28. Rd3 Rc4 29. Ra3 Raxa4 30. Rxa4 Rxa4 31. c3 Ra3 32. Rc2 Kf6 33. Ke3 d5 34. exd5 cxd5 35. Kd4 Ke6 36. Kc5 Ke5 37. Kb4 Ra8 38. a4 c5+ 39. Kxc5 Rxa4 40. Re2+ Kf4 41. Kxd5 f5 42. c4 Ra8 43. c5 Ra1 44. c6 Rd1+ 45. Kc5 Rc1+ 46. Kd6 Kg3 47. Rd2 1-0

[Event "Muensterland Verbandsklasse-B 0607"]
[Site "Germany"]
[Date "2006.09.23"]
[Round "1.5"]
[White "Eiersbrock, Robin"]
[Black "Janssen, Guido"]
[Result "1/2-1/2"]
[WhiteElo "1769"]
[BlackElo "1763"]
[PlyCount "63"]
[EventDate "2006.09.23"]
[EventType "team"]
[EventRounds "9"]
[EventCountry "GER"]
[SourceTitle "EXT 2008"]
[Source "ChessBase"]
[SourceDate "2007.11.25"]
[SourceVersion "1"]
[SourceVersionDate "2007.11.25"]
[SourceQuality "1"]
[WhiteTeam "Buldern"]
[BlackTeam "Suedlohn II"]
[WhiteTeamCountry "GER"]
[BlackTeamCountry "GER"]

1. d4 Nf6 2. Nf3 g6 3. c4 Bg7 4. Nc3 d5 5. cxd5 Nxd5 6. e3 0-0 7. Bc4 Nxc3 8. bxc3 c5 9. 0-0 Qc7 10. Bb3 b6 11. Ba3 Nd7 12. Ng5 Bb7 13. Qg4 Nf6 14. Qh3 h6 15. Nf3 Ne4 16. Rac1 g5 17. Rfd1 Bc8 18. g4 c4 19. Ba4 a6 20. Bb4 f5 21. gxf5 Rxf5 22. Qg2 Bb7 23. Bc2 Raf8 24. d5 Rxd5 25. Qg4 Rxd1+ 26. Rxd1 Qc6 27. Qxe4 Qxe4 28. Bxe4 Bxe4 29. Nd4 Kf7 30. f3 Bxd4 31. Rxd4 Bxf3 32. Rxc4 1/2-1/2

[Event "Muensterland Verbandsklasse-B 0506"]
[Site "Germany"]
[Date "2005.11.05"]
[Round "2.5"]
[White "Koetter, Volkmar"]
[Black "Janssen, Guido"]
[Result "1/2-1/2"]
[WhiteElo "1763"]
[BlackElo "1806"]
[PlyCount "51"]
[EventDate "2005.09.03"]
[EventType "team"]
[EventRounds "9"]
[EventCountry "GER"]
[SourceTitle "EXT 2006"]
[Source "ChessBase"]
[SourceDate "2005.11.24"]
[SourceVersion "1"]
[SourceVersionDate "2005.11.24"]
[SourceQuality "1"]
[WhiteTeam "Westerkappeln"]
[BlackTeam "Suedlohn II"]
[WhiteTeamCountry "GER"]
[BlackTeamCountry "GER"]

1. e4 c5 2. Nc3 Nc6 3. g3 d6 4. Bg2 g6 5. d3 Bg7 6. f4 e6 7. Nf3 Qb6 8. 0-0 Nge7 9. Kh1 0-0 10. Qe1 a6 11. Nd2 Qc7 12. Nc4 b5 13. Ne3 Nd4 14. Ne2 Bb7 15. c3 Nxe2 16. Qxe2 Rfd8 17. f5 exf5 18. exf5 Bxg2+ 19. Qxg2 f6 20. fxg6 hxg6 21. Ng4 f5 22. Nh6+ Bxh6 23. Bxh6 Qc6 24. Bg5 Qxg2+ 25. Kxg2 Re8 26. Bxe7 1/2-1/2

[Event "Muensterland Verbandsklasse-B 0405"]
[Site "Muensterland"]
[Date "2005.02.12"]
[Round "6.4"]
[White "Te Sligte, Bert"]
[Black "Janssen, Guido"]
[Result "1/2-1/2"]
[WhiteElo "1803"]
[BlackElo "1813"]
[PlyCount "35"]
[EventDate "2004.09.11"]
[EventType "team"]
[EventRounds "9"]
[EventCountry "GER"]
[SourceTitle "EXT 2006"]
[Source "ChessBase"]
[SourceDate "2005.11.24"]
[SourceVersion "1"]
[SourceVersionDate "2005.11.24"]
[SourceQuality "1"]
[WhiteTeam "Stadtlohn"]
[BlackTeam "Suedlohn II"]
[WhiteTeamCountry "GER"]
[BlackTeamCountry "GER"]

1. e4 d6 2. d4 Nf6 3. Nc3 g6 4. Nf3 Bg7 5. Bc4 0-0 6. 0-0 Bg4 7. h3 Bxf3 8. Qxf3 Nc6 9. Be3 e5 10. dxe5 Nxe5 11. Qe2 Nxc4 12. Qxc4 Qd7 13. Rad1 Qc6 14. Qxc6 bxc6 15. b3 Rfe8 16. f3 a5 17. Kf2 Nd7 18. Ne2 1/2-1/2

[Event "Muensterland Verbandsklasse-B 0405"]
[Site "Muensterland"]
[Date "2004.11.06"]
[Round "3.4"]
[White "Janssen, Guido"]
[Black "Kuhlenbaeumer, Willi"]
[Result "0-1"]
[WhiteElo "1813"]
[BlackElo "2045"]
[PlyCount "65"]
[EventDate "2004.09.11"]
[EventType "team"]
[EventRounds "9"]
[EventCountry "GER"]
[SourceTitle "EXT 2006"]
[Source "ChessBase"]
[SourceDate "2005.11.24"]
[SourceVersion "1"]
[SourceVersionDate "2005.11.24"]
[SourceQuality "1"]
[WhiteTeam "Suedlohn II"]
[BlackTeam "Telgte"]
[WhiteTeamCountry "GER"]
[BlackTeamCountry "GER"]

1. e4 e6 2. d4 d5 3. Nc3 Nf6 4. exd5 exd5 5. Nf3 Be7 6. h3 Bf5 7. Bd3 Bg6 8. 0-0 0-0 9. Bxg6 hxg6 10. Re1 Nc6 11. Bg5 a6 12. Qd2 Re8 13. Re2 Qd7 14. Rae1 Bb4 15. Rxe8+ Rxe8 16. Rxe8+ Nxe8 17. Qe3 f6 18. Bf4 Ne7 19. g4 Nd6 20. Kg2 Nc4 21. Qc1 g5 22. Be3 Qe6 23. Ne2 Ng6 24. c3 Bd6 25. b3 Qe4 26. bxc4 Nh4+ 27. Kf1 Qxf3 28. Ng1 Qg2+ 29. Ke2 dxc4 30. Qf1 Qe4 31. f3 Qc2+ 32. Bd2 Bf4 33. Qd1 0-1